000
00325nam a2200109Ia 4500
008
171211s9999 xx 000 0 und d
245
_a
Tales of Symphonia: Dawn of the New World Official Strategy Guide
245
_c
BradyGames
260
_c
2008
650
_x
GAMES
856
_u
http://down.ebook777.com/055/9780744010671.pdf
999
_c
348933
_d
348933